000 01553cam a2200313 i 4500
003 SA-RiAUC
005 20260215134006.0
008 260128s1914 xx g 000r0 ara c
040 _aSA-RiAUC
_bara
_cSA-RiAUC
_erda
082 0 4 _a240
090 _aم ن 240
_b ا ب و ب
100 1 _aأبو بكر خوقير، أبو بكر بن محمد بن عارف،
_d1282-1349 هجري
_eمؤلف.
245 1 0 _aهذا كتاب ما لا بد منه في أمور الدين على طريقة السلف الصالح /
_cأبي بكر بن محمد عارف خوقير.
246 3 0 _aما لا بد منه في أمور الدين على طريقة السلف الصالح
264 1 _a[مكان النشر غير محدد] :
_b[الناشر غير محدد]،
_c[1914]
264 3 _a[مكان الطبع غير محدد] :
_bمطبعة التمدن
300 _a88 صفحة ؛
_c29 سم
336 _aنص
_btxt
_2rdacontent
_3كتاب
337 _aبدون وسيط
_bn
_2rdamedia
338 _aمجلد
_bnc
_2rdacarrier
500 _aيليه فهرست كتاب ما لا بد منه في أمور الدين.
650 7 _aعلم الكلام
_2aucsh
856 4 _uhttp://10.10.10.21/hipres/785/book.Web/bookTestPage.html
856 4 _uhttp://10.0.0.80:1112/M.Alsamman/785.pdf
856 4 _uhttp://10.10.10.21/hipres/786/book.Web/bookTestPage.html
856 4 _uhttp://10.0.0.80:1112/M.Alsamman/786.pdf
942 _2ddc
_cRBOOK COPY
_n0
949 _aSA-JeALM
_d260128
_umohamedma123
_n1
999 _c14340
_d14340